000 00244nam a2200121Ia 4500
100 _a#N/A
650 _aComputer/ IT
942 _cBK
654 _aOPENSOLARIS 2008 . 11
245 _aopensolaris 2008 .11
260 _b#N/A
546 _aENGLISH
999 _c24777
_d24777